000 00233nam a22001097a 4500
082 _a808.3 MAU'I
100 _aMAURIOR, DAPHNE DU
_979456
245 _aJAMAICA INN
260 _aNEWYORK
_bPOCKET
_c1970
300 _a246P
942 _cBK
999 _c584497
_d584497